| 000 | 00680nam a2200241Ia 4500 | ||
|---|---|---|---|
| 003 | OSt | ||
| 005 | 20220930190632.0 | ||
| 006 | a|||||r|||| 00| 0 | ||
| 007 | ta | ||
| 008 | 220926b |||||||| |||| 00| 0 eng d | ||
| 024 | _a58654 | ||
| 037 | _cDigitized Books | ||
| 040 |
_aCRL _cCRL _beng |
||
| 041 |
_2eng _aeng |
||
| 082 | _aU8:2xM20, A.1-.2;D5.1 | ||
| 100 |
_aRussell William Howard _9559193 |
||
| 245 | 0 | _aMy diary in India in the year 1858-59 | |
| 260 | _c1905 | ||
| 500 | _aCL0111997 & CL0111998 are digitized. | ||
| 650 | _aGEOGRAPHY | ||
| 942 |
_hU8:2xM20, A.1-.2;D5.1 _cEBOOK _2CC |
||
| 999 |
_c892958 _d892958 |
||